00431nam a2200145Ia 450000500170000000800460001703700290006304000210009204100130011308400240012610000180015024500260016826000820019430000090027620250508161328.0008 250505s9999 xx 000 0 eng d aBooks to be hide in OPAC aFEDL bengcFEDL aeng2eng a371.33, NCE/OqFEDL aAhluwalia S l 0aAudio-visual handbook aNew Delhi, IndiabNational Council of Educational Research and Trainingc1967 a41p.